International accounting and multinational enterprises / (Record no. 2359)
[ view plain ]
| 000 -Đầu biểu | |
|---|---|
| 00919nam a2200313 a 4500 | |
| 001 - Mã điều khiển | |
| Trường điều khiển | VNU120131317 |
| 005 - Thời gian tạo/Chỉnh sửa | |
| 20211209115545.0 | |
| 008 - Cấu thành dữ liệu có độ dài cố định -- Thông tin chung | |
| 120312s2006 xxc|||||||||||||||||eng|| | |
| 020 ## - Chỉ số ISBN | |
| Số ISBN | 9780471652694 |
| 040 ## - Nguồn biên mục | |
| Cơ quan biên mục gốc | ISVNU |
| Cơ quan sao chép | ISVNU |
| 041 0# - Mã ngôn ngữ | |
| Mã ngôn ngữ chính văn | eng |
| 082 74 - Chỉ số phân loại DDC | |
| Ký hiệu phân loại | 657.96 |
| 100 1# - Tiêu đề chính - Tên cá nhân | |
| Tên cá nhân | Radebaugh, Lee H. |
| 245 10 - Nhan đề và thông tin trách nhiệm | |
| Nhan đề | International accounting and multinational enterprises / |
| Thông tin trách nhiệm | Lee H. Radebaugh, Sidney J. Gray, Ervin L Black. |
| 250 ## - Lần xuất bản | |
| Thông tin lần xuất bản | 6th ed. |
| 260 ## - Địa chỉ xuất bản | |
| Nơi xuất bản | Hoboken, NJ : |
| Nhà xuất bản | J. Wiley, |
| Năm xuất bản, phát hành | c2006 |
| 300 ## - Mô tả vật lý | |
| Số trang | xiv, 506 p. : |
| Khổ cỡ | 26 cm. |
| 500 ## - Phụ chú chung | |
| Ghi chú chung | E-B7/04606 (original, 4.225.566đ) |
| 650 #0 - Từ khóa kiểm soát | |
| Từ khóa kiểm soát | Comparative accounting. |
| 650 #0 - Từ khóa kiểm soát | |
| Từ khóa kiểm soát | International business enterprises |
| 653 ## - Từ khóa tự do | |
| Từ khóa tự do | Accounting |
| 653 ## - Từ khóa tự do | |
| Từ khóa tự do | Công ty đa quốc gia |
| 653 ## - Từ khóa tự do | |
| Từ khóa tự do | Kế toán |
| 653 ## - Từ khóa tự do | |
| Từ khóa tự do | Kế toán quốc tế |
| 700 1# - Tiêu đề bổ sung - Tên cá nhân | |
| Tên cá nhân | Black, Ervin L. |
| 700 1# - Tiêu đề bổ sung - Tên cá nhân | |
| Tên cá nhân | Gray, S. J. |
| 942 ## - Dạng tài liệu (KOHA) | |
| Nguồn phân loại | |
| Kiểu tài liệu | Sách tham khảo |
| Dừng lưu thông | Mất tài liệu | Nguồn phân loại | Hư hỏng tài liệu | Không cho mượn | Thư viện sở hữu | Thư viện hiện tại | Kho tài liệu | Ngày bổ sung | Nguồn bổ sung | Số lần ghi mượn | Ký hiệu phân loại | Đăng ký cá biệt | Cập nhật lần cuối | Ngày áp dụng giá thay thế | Kiểu tài liệu |
|---|---|---|---|---|---|---|---|---|---|---|---|---|---|---|---|
| N/A | N/A | N/A | N/A | Thư viện Trường Quốc tế - Cơ sở Xuân Thủy | Thư viện Trường Quốc tế - Cơ sở Xuân Thủy | Kho STK tiếng Anh | 12/03/2012 | 1 | 657 RAD 2006 | E-B7/04606 | 23/09/2019 | 23/10/2019 | Sách tham khảo |



